| 000 | 00976nam a2200313 i 4500 | ||
|---|---|---|---|
| 001 | 423734 | ||
| 003 | ARRUPE | ||
| 005 | 20160503104648.0 | ||
| 008 | 800721s1978 enk b 001 0 eng | ||
| 010 | _a 80670098 | ||
| 015 | _aGB*** | ||
| 020 |
_a0905762029 (pbk.) : _c£3.95 ($7.95 U.S.) |
||
| 020 | _a0905762037 | ||
| 040 |
_aDLC _cDLC _dDLC |
||
| 050 | 0 | 0 |
_aHB501 _b.N22 1978 |
| 082 | 0 | 0 |
_a337 _219 |
| 100 | 1 |
_aNabudere, D. Wadada. _923208 |
|
| 245 | 1 | 4 |
_aThe political economy of imperialism : _bits theoretical and polemical treatment from mercantilist to multilateral imperialism / _cDan Nabudere. |
| 250 | _a2d ed. | ||
| 260 |
_aLondon : _bZed Press, _c1978. |
||
| 300 |
_aix, 301 p.; _c23 cm. |
||
| 440 | 0 |
_aZed imperialism series _924306 |
|
| 500 | _aIncludes index. | ||
| 504 | _aBibliography: p. 289-296. | ||
| 650 | 0 |
_aCapitalism. _93 |
|
| 650 | 0 |
_aImperialism. _92 |
|
| 906 |
_a7 _bcbc _corignew _d2 _encip _f19 _gy-gencatlg |
||
| 942 |
_2lcc _cMONOGRAPH |
||
| 999 |
_c124783 _d124783 |
||